000 01207cad a2200277 4500
001 L158718
008 110215n2013 000 0 eng u
020 _a9781783210305
035 _a(Sirsi) u158718
041 _aeng
100 1 _aAwolesi, J. A. B.
111 2 _aConstruction and Building Research Conference
_cIIT Delhi, New Delhi
_d10-12 September 2013
245 0 0 _aComparative study of construction risk management practice between indigenous and expatriate contractors in Nigeria
_h[electronic resource]
260 _aLondon
_bRICS
_c2013
490 0 _aCOBRA
_v2013
520 _aA paper presented at the COBRA Conference in New Delhi on 10-12 September 2013. Compared risk management practice between Indigenous and Expatriate contracting firms in Nigeria resulting in recommendations for legislation to make risk management practice essential for all contracting firms.
650 2 4 _aCONSTRUCTION AND BUILDING RESEARCH CONFERENCE (COBRA)
650 2 4 _aRISK IDENTIFICATION
650 2 4 _aRISK ANALYSIS
650 2 4 _aRISK REDUCTION PROCEDURES
651 4 _aNigeria
690 _aHealth and safety
_96244
690 _aProject management
_96261
700 1 _aFabi, J. K.
942 _n0
999 _c115474
_d115474